Normal view MARC view
  • Nasir Sattar

Entry Personal Name

Number of records used in: 4

001 - CONTROL NUMBER

  • control field: 15837

003 - CONTROL NUMBER IDENTIFIER

  • control field: NUST

005 - DATE AND TIME OF LATEST TRANSACTION

  • control field: 20190628052338.0

008 - FIXED-LENGTH DATA ELEMENTS

  • fixed length control field: 190628|| aca||aabn | a|a d

040 ## - CATALOGING SOURCE

  • Original cataloging agency: NUST
  • Transcribing agency: NUST

100 ## - HEADING--PERSONAL NAME

  • Personal name: Nasir Sattar

670 ## - SOURCE DATA FOUND

  • Source citation: Work cat.: (NUST): Nasir Sattar, Wheel Liftoff Modeling and Bifurcation Analysis for the Roll Dynamics of a Full Vehicle Non-Linear Model /, 2014.
© 2023 Central Library, National University of Sciences and Technology. All Rights Reserved.